00289nam a22000977a 4500082000800000100003700008245004600045260006200091300002300153500001500176 a006 aNational Instruments Corporation aLabview Basic I Development Course Manual aNew York :bNational Instrumentation Corporation, c2005. a(i-v) p. ;b28 cm. aPaperback.